000
00338nam a22001457a 4500
008
230627b ||||| |||| 00| 0 eng d
020
_a
9780073522753
041
_a
eng
080
_2
THIRD EDITION
_a
616
082
_a
616SCH
100
_a
16
101
_a
IAM
245
_a
NUTRITION FOR HEALTHY LIVING
_c
SCHIFF .J .W
942
_2
udc
_c
BK
999
_c
60053
_d
60053